Дело о введении в Дерптском учебном округе учебника русской грамматики для немцев, составленный лектором Дерптского университета...

Доступно только в Электронных читальных залах Найти на картеНа карте
RUSMARC
00004220nmc2a2200000 x 450
001cdd5bb1a-ed69-4717-8bef-d609a1984450
00520170414093335.0
100##$a20140604l18371837k l0rusy0189 ca
1010#$arus
102##$aRU
2001#$aДело о введении в Дерптском учебном округе учебника русской грамматики для немцев, составленный лектором Дерптского университета И. Павловским
$j17 января - 30 ноября 1837 г.
251##$cДело
300##$aДело
300##$aОриг. заголовок дела: Дело по представлению Дерптского попечителя о русской грамматики для немцев Г. Павловского. 17 января 1837 г. - 30 ноября 1837 г
801#0$aRU
$bРГИА
$c20140604
$gRCR
801#1$aRU
$bГлавНИВЦ
$c20140604
$2rusmarc
801#2$aRU
$bПБ им. Б.Н. Ельцина
$c20170414
$gRCR
$2rusmarc
850##$aРГИА
852##$aРГИА
$eФедеральное казенное учреждение "Российский государственный исторический архив" (РГИА)
$j17
937##$hРГИА
$d11167947
$aASBIBLIO_SCAN
462#0$1001fe4edb2a-8658-4269-9710-afcb460e1db3
$12001
$aДела Департамента народного просвещения по Дерптскому учебному округу за 1837-1862 гг.
$1251
$cОпись
$1852
$j57
461#0$1001a74412a3-3cc5-4d21-8f0a-dfe2fbd9e72d
$12001
$aДепартамент народного просвещения Министерства народного просвещения (1803-1917)
$1251
$cФонд
$1852
$j733
215##$a18 л.
$d36,5х26 см
371##$aДокумент не является опубликованным и широко распространяемым
105##$ay###
1222#$ad
5171#$aДело по представлению Дерптского попечителя о русской грамматики для немцев Г. Павловского. 17 января 1837 г. - 30 ноября 1837 г.
035##$acdd5bb1a-ed69-4717-8bef-d609a1984450
856##$uhttp://readingroom.main.prlib.ru/item.aspx?id_node=n96942040&mode=full
Формат отображения